000 01094nmm a2200301 a 4500
001 0000015829
003 CO-CtgCURN
005 20250331185230.0
007 co cga---uuuuu
007 ta
008 160627s2001 i eng d
020 _a8445810677
040 _aCO-CtgCURN
_bspa
_ccoctgcurn
082 0 _a617.7
_bS16c
100 1 _aSaona Santos, Carlos Luis.
245 1 0 _aContactología clinica
_h[electronic resource] /
_cCarlos Luis Saona Santos.
260 _aBarcelona :
_bMasson,
_c2001.
300 _axxi, 439 p. + 1 Cd - Rom.
336 _2rdacontent
337 _2rdamedia
_asin mediacion
_bn
338 _2rdacarrier
_avolumen
_bnc
500 _aIncluye bibliografias e indice.
505 8 _aEvaluacion ocular y visual.--Fisiología ocular aplicada.--Materiales opticos de lentes de contacto.--Soluciones de mantenimiento.--Diseño de lentes de contacto.--optica ocular.--Topografia corneal
650 1 4 _aLentes de contacto.
908 _a160627
942 _cBK
_h617.7
_iS16c
_2ddc
999 _c23506
_d23506